Sports Quiz

Random Sports or Football Quiz

Active Pittsburgh Steelers Draft Picks Quiz Stats

 Plays Quiz not verified by Sporcle

Score 0/39 Timer 10:00
0 Plays Today
Draft Class Player % Correct
2010Maurkice Pouncey
92.3%
2008Rashard Mendenhall
88.3%
2004Ben Roethlisberger
87%
2005Heath Miller
85.6%
2003Troy Polamalu
84.9%
2008Dennis Dixon
81.3%
1998Hines Ward
79.9%
2009Mike Wallace
78.9%
2009Ziggy Hood
77.6%
2007LaMarr Woodley
77.6%
2007Lawrence Timmons
77.3%
2003Ike Taylor
69.9%
2001Casey Hampton
69.6%
1999Kris Brown
69.6%
2006Santonio Holmes
68.9%
1999Aaron Smith
68.2%
2010Emmanuel Sanders
67.9%
2007Matt Spaeth
67.9%
2006Anthony Smith
67.9%
2007Daniel Sepulveda
63.9%
Draft Class Player % Correct
1998Alan Faneca
59.9%
2007William Gay
59.5%
1999Joey Porter
55.5%
2005Bryant McFadden
52.2%
2002Larry Foote
51.5%
2002Brett Keisel
50.2%
2009David Johnson
48.8%
2002Antwaan Randle El
44.5%
2010Jason Worilds
43.8%
2009Keenan Lewis
40.5%
1998Deshea Townsend
39.8%
2002Chris Hope
36.5%
2003Brian St. Pierre
34.1%
2000Clark Haggans
31.8%
2010Stevenson Sylvester
28.4%
2005Chris Kemoeatu
24.4%
2010Crezdon Butler
22.1%
1997Mike Vrabel
16.4%
2007Ryan McBean
9.4%

You're not logged in!

Compare scores with friends on all Sporcle quizzes.
OR
Log In

Show Comments

Extras

Top Quizzes Today


Score Distribution

Your Account Isn't Verified!

In order to create a playlist on Sporcle, you need to verify the email address you used during registration. Go to your Sporcle Settings to finish the process.

Report this User

Report this user for behavior that violates our Community Guidelines.

Details: